| 000 | 01307cam a2200313 a 4500 | ||
|---|---|---|---|
| 001 | 12803604 | ||
| 005 | 20221120113810.0 | ||
| 008 | 020605s2002 maua b 001 0 eng | ||
| 010 | _a 2002075497 | ||
| 020 | _a9781461353799 | ||
| 040 |
_aDLC _cDLC _dDLC |
||
| 043 | _an-us--- | ||
| 050 | 0 | 0 |
_aKF6289 _b.P65 2002 |
| 082 | 0 | 0 |
_a343.7304 _bPOL |
| 245 | 0 | 0 |
_aPolitics, taxation, and the rule of law : _bthe power to tax in constitutional perspective / _cedited by Donald P. Racheter and Richard E. Wagner. |
| 260 |
_aU.S.A : _bSpringer, _cc2002. |
||
| 300 |
_a272 p. : _bill. ; _c25 cm. |
||
| 504 | _aIncludes bibliographical references and index. | ||
| 650 | 0 |
_aTaxation _xLaw and legislation _zUnited States. _997067 |
|
| 650 | 0 |
_aTaxing power _zUnited States. _9103167 |
|
| 650 | 0 |
_aRule of law _zUnited States. _9103168 |
|
| 700 | 1 |
_aRacheter, Donald P. _9103169 |
|
| 700 | 1 |
_aWagner, Richard E. _9103170 |
|
| 856 | 4 | 2 |
_3Publisher description _uhttp://www.loc.gov/catdir/enhancements/fy0819/2002075497-d.html |
| 856 | 4 | 1 |
_3Table of contents only _uhttp://www.loc.gov/catdir/enhancements/fy0819/2002075497-t.html |
| 906 |
_a7 _bcbc _corignew _d1 _eocip _f20 _gy-gencatlg |
||
| 942 |
_2ddc _cBK |
||
| 999 |
_c592430 _d592430 |
||